Hóa lí : Dùng cho sinh viên Hóa các trường Đại học Tổng hợp và Sư phạm

Sách gồm 5 chương giới thiệu về lí hóa như các thuyết về chất điện li, các hiện tượng bất thuận nghịch trong dung dịch chất điện li, các quá trình điện cực cân bằng, các cơ sở động học điện hóa học......

Popoln opis

Shranjeno v:
Bibliografske podrobnosti
Glavni avtor: Trần, Văn Tuế
Format: Knjiga
Jezik:Undetermined
Izdano: Hà Nội Giáo dục 2008
Teme:
Oznake: Označite
Brez oznak, prvi označite!
Thư viện lưu trữ: Trung tâm Học liệu Trường Đại học Cần Thơ
LEADER 01052nam a2200229Ia 4500
001 CTU_142035
008 210402s9999 xx 000 0 und d
020 |c 30000 
082 |a 541.3 
082 |b Nh121/T.4 
100 |a Trần, Văn Tuế 
245 0 |a Hóa lí : 
245 0 |b Dùng cho sinh viên Hóa các trường Đại học Tổng hợp và Sư phạm 
245 0 |c Trần Văn Tuế 
260 |a Hà Nội 
260 |b Giáo dục 
260 |c 2008 
520 |a Sách gồm 5 chương giới thiệu về lí hóa như các thuyết về chất điện li, các hiện tượng bất thuận nghịch trong dung dịch chất điện li, các quá trình điện cực cân bằng, các cơ sở động học điện hóa học... 
650 |a Chemistry, Physical and Theoretical 
904 |i Giang, Trọng Hiếu 
910 |a Chuyển số cutter theo Tập 1 (176940) 
980 |a Trung tâm Học liệu Trường Đại học Cần Thơ